000 00828nam a22001937a 4500
003 OSt
005 20260211102936.0
008 260210b |||||||| |||| 00| 0 eng d
082 _a342.54
_bIND
100 _aIndian Government, भाषा संचालनालय महाराष्ट्र राज्य
_9216702
245 _aभारताचे संविधान, Constitution of India
_b२६ जानेवारी, २०१४ पर्यंत फेरबदल केल्याप्रमाणे, As Modifided Upto 26th January, 2014
250 _a7th
260 _bभाषा संचालनालय महाराष्ट्र राज्य
_c2014
300 _aXIX, 390
365 _b1.00
_cRs
700 _aIndian Government
_9216702
760 _b7th
942 _2ddc
_cBK
999 _c370399
_d370399